000 00871nas a2200301 4500
001 BR0705513
003 BR-BrBNA
005 20231205111000.0
007 ta
008 230509b bl.|||p| |||| 00| 00por d
040 _aBR-BrBNA
_bpor
_cBiblioteca Nacional de Agricultura
041 _a(Pt)
072 _aQ03
100 1 _aMadalozzo, F.R.
100 1 _aKoetz, P.R.
100 1 _aSantos, L.R. dos
100 1 _aRodrigues, L.B.
245 1 _aCampilobacteriose em humanos e o controle de qualidade em produtos de origem aviária
650 _aFRANGO
650 _aABATE
650 _aCONTROLE DE QUALIDADE
650 _aBACTÉRIA
650 _aAPPC
650 _aRIO GRANDE DO SUL
773 0 _tHigiene Alimentar (Brazil)
_xISSN 0101-9171
_g(Jul 2007), v. 21(153) p. 59-63
_wBR0705513
909 _a202311
_bLúcia
_c55
_dLúcia Elande
942 _2AGRIS
_n0
_cANA
999 _c190076
_d190076